000 00950nam a2200277 i 4500
003 DO-SdBNP
005 20250603114039.0
007 ta
008 250603b2023 dr ||||| |||| 00| 0 spa d
020 _a9789945649116
040 _aDO-SdBNP
_bspa
_cBNPHU
_erda
041 _aspa
082 4 _axxx
_bxxx B562L
_222
100 1 _aBetancourt Cambumba, Fernando,
_4aut.
_eautor
_987629
245 1 0 _aLeche, chocolate y café /
_cFernando Betancourt Cambumba ; corrección de estilo, Víctor Espinal ; digitalización, Jaime David Abreu Paguero.
250 _aPrimera edición
264 4 _aSanto Domingo :
_bPrintbarato, Layoot & Printing,
_c©2023.
300 _a118 páginas ;
_c21 cm.
336 _atexto
_btxt
_2rdacontent
337 _asin mediación
_bn
_2rdamedia
338 _avolumen
_bnc
_2rdacarrier
590 _aInventariado, 2025 /LP
700 1 _aEspinal, Víctor
_ecorrector
_4corr.
_926776
910 _aLP
942 _2ddc
_cLBS1
999 _c58905
_d58905